Propuesta de diseño de prestación de servicios orientada a garantizar la sostenibilidad del Centro de Investigación en Contaminación Ambiental de la Universidad de Costa Rica
Kaydedildi:
| Yazar: | |
|---|---|
| Diğer Yazarlar: | |
| Materyal Türü: | Kitap |
| Baskı/Yayın Bilgisi: |
[San José, Costa Rica]
2010
|
| Konular: | |
| Etiketler: |
Etiketle
Etiket eklenmemiş, İlk siz ekleyin!
|
MARC
| LEADER | 00000nam a2200000Ia 4500 | ||
|---|---|---|---|
| 003 | 010213 | ||
| 005 | 20221231144032.0 | ||
| 008 | 140114s2010 cr a 000 ||s d | ||
| 040 | |c cru CEDI | ||
| 090 | |a TFG 6267 | ||
| 100 | |a Jiménez Vargas, María Gabriela |9 2807 | ||
| 245 | |a Propuesta de diseño de prestación de servicios orientada a garantizar la sostenibilidad del Centro de Investigación en Contaminación Ambiental de la Universidad de Costa Rica | ||
| 260 | |c 2010 |b [San José, Costa Rica] | ||
| 500 | |a Tesis (licenciatura en ingeniería industrial)--Universidad de Costa Rica. Facultad de Ingeniería. Escuela de Ingeniería Industrial | ||
| 650 | |x UNIVERSIDAD DE COSTA RICA. CENTRO DE INVESTIGACION EN CONTAMINACION AMBIENTAL |x PRESTACION DE SERVICIOS |x ASPECTOS ECONOMICOS |x DISEÑO |x TECNICAS |x LABORATORIOS DE QUIMICA |x LABORATORIOS |x RECURSOS DE INFORMACION ELECTRONICA |x CONTROL DE PROCESOS QUIMICOS |x POSICIONAMIENTO (PUBLICIDAD) |9 2809 | ||
| 700 | |9 2808 |a Porras Cordero, Diego Roberto | ||
| 942 | |c TFG | ||
| 999 | |c 15937 |d 15937 | ||
